<?xml version="1.0" encoding="UTF-8"?>
<record
    xmlns:xsi="http://www.w3.org/2001/XMLSchema-instance"
    xsi:schemaLocation="http://www.loc.gov/MARC21/slim http://www.loc.gov/standards/marcxml/schema/MARC21slim.xsd"
    xmlns="http://www.loc.gov/MARC21/slim">

  <leader>02844nam a2200361 i 4500</leader>
  <controlfield tag="003">DO-SdBNP</controlfield>
  <controlfield tag="005">20250630100925.0</controlfield>
  <controlfield tag="006">a||||gr|||| 00| 0 </controlfield>
  <controlfield tag="007">ta</controlfield>
  <controlfield tag="008">240719t2011    dr  |||| |||| 00| e spa d</controlfield>
  <datafield tag="020" ind1=" " ind2=" ">
    <subfield code="a">9789945469509</subfield>
  </datafield>
  <datafield tag="040" ind1=" " ind2=" ">
    <subfield code="a">DO-SdBNP</subfield>
    <subfield code="b">spa</subfield>
    <subfield code="c">BNPHU</subfield>
    <subfield code="e">rda</subfield>
  </datafield>
  <datafield tag="082" ind1=" " ind2="4">
    <subfield code="2">22</subfield>
    <subfield code="b">T866S</subfield>
  </datafield>
  <datafield tag="100" ind1="1" ind2=" ">
    <subfield code="a">S&#xE1;nchez, Buenaventura </subfield>
    <subfield code="d">1900 - 1975</subfield>
    <subfield code="e">autor</subfield>
    <subfield code="9">86144</subfield>
  </datafield>
  <datafield tag="245" ind1="1" ind2="0">
    <subfield code="a">Trujillo: </subfield>
    <subfield code="b">la agon&#xED;a dominicana /</subfield>
    <subfield code="c">Buenaventura S&#xE1;nchez; editor, Le&#xF3;n F&#xE9;lix Batista; liminar, Jos&#xE9; Rafael Lantigua.</subfield>
  </datafield>
  <datafield tag="264" ind1=" " ind2="1">
    <subfield code="a">Santo Domingo :</subfield>
    <subfield code="b">Editorial Nacional,</subfield>
    <subfield code="c">2011</subfield>
  </datafield>
  <datafield tag="300" ind1=" " ind2=" ">
    <subfield code="a">99 p&#xE1;ginas ;</subfield>
    <subfield code="c">23 cm.</subfield>
  </datafield>
  <datafield tag="336" ind1=" " ind2=" ">
    <subfield code="2">rdacontent</subfield>
    <subfield code="a">texto</subfield>
    <subfield code="b">txt</subfield>
  </datafield>
  <datafield tag="337" ind1=" " ind2=" ">
    <subfield code="2">rdamedia</subfield>
    <subfield code="a">sin mediaci&#xF3;n</subfield>
    <subfield code="b">n</subfield>
  </datafield>
  <datafield tag="338" ind1=" " ind2=" ">
    <subfield code="2">rdacarrier</subfield>
    <subfield code="a">volumen</subfield>
    <subfield code="b">nc</subfield>
  </datafield>
  <datafield tag="490" ind1=" " ind2=" ">
    <subfield code="a">30 de Mayo: Puerta a la Libertad.</subfield>
  </datafield>
  <datafield tag="500" ind1=" " ind2=" ">
    <subfield code="a">Detalles relativos a 5,000 asesinatos cometidos por Trujillo en tres a&#xF1;os de gobierno.</subfield>
  </datafield>
  <datafield tag="500" ind1=" " ind2=" ">
    <subfield code="a">Incluye datos biogr&#xE1;ficos del autor en la solapa de la cubierta.</subfield>
  </datafield>
  <datafield tag="505" ind1=" " ind2=" ">
    <subfield code="a">Liminar /</subfield>
    <subfield code="r">Jos&#xE9; Rafael Lantigua.</subfield>
    <subfield code="g">Introducci&#xF3;n.</subfield>
    <subfield code="t">Vida y Carrera de Trujillo.-- Defensa de Trujillo.-- R&#xE9;plica al Sr. Morillo.-- Diplom&#xE1;ticos de Chapita: atentados criminales y persecuciones.-- Latrocinios.-- Pesecuci&#xF3;n de cubanos.-- Obras p&#xFA;blicas.-- Vaticinio de un Senador de la Rep&#xFA;blica.-- Actos de demencia.-- Lista de los principales ciudadanos asesinados por la tiran&#xED;a de Trujillo.-- El caso del joven puertorrique&#xF1;o Eduardo Colom y Piris (un affid&#xE1;vit de su se&#xF1;ora madre).-- </subfield>
    <subfield code="t">No se trata de alabar al general Trujillo: Se trata de entregar inmediatamente al joven Piris o expliar por qu&#xE9; no.-- Espeluznante asesino de un puertorrique&#xF1;o en Santo Domingo.--M&#xE1;s detalles sobre el asesinato del puertorrique&#xF1;o Juan N. Miranda en Santo Domingo.-- M&#xE1;s detalles sobre la muerte del profesor Miranda en Santo Domingo.--</subfield>
    <subfield code="t">Documentos confidenciales dirigidos por el general Enrique Loizana del Castillo, enviado extraordinario y ministro plenipotenciario en Santo Domingo, al Secretario de Estado de la Rep&#xFA;blica Cuba.-- Prisiones y asesinatos en masa. Adulacio&#xF3;n sin escr&#xFA;pulos.-- Rid&#xED;culos paralelos entre famosos capitanes y Trujillo. Una sola perspectiva: La insurrecci&#xF3;n--
Los horrores de la prisi&#xF3;n de Nigua.--Voracidad insaciable del tirano y de su hermano Virgilio Trujillo.</subfield>
    <subfield code="t">Conclusi&#xF3;n.</subfield>
  </datafield>
  <datafield tag="590" ind1=" " ind2=" ">
    <subfield code="a">Inventariado 2024 / MF</subfield>
  </datafield>
  <datafield tag="600" ind1="1" ind2="4">
    <subfield code="a">Trujillo Molina, Rafael Le&#xF3;nidas,</subfield>
    <subfield code="d"> 1891-1961</subfield>
    <subfield code="9">76764</subfield>
  </datafield>
  <datafield tag="600" ind1="1" ind2="4">
    <subfield code="a">S&#xE1;nchez, Buenaventura,</subfield>
    <subfield code="d">1900 - 1975 </subfield>
    <subfield code="t">Truijillo: La agon&#xED;a dominicana.</subfield>
    <subfield code="v">Biograf&#xED;a</subfield>
    <subfield code="9">86145</subfield>
  </datafield>
  <datafield tag="650" ind1=" " ind2="4">
    <subfield code="a">Homicidio Pol&#xED;tico</subfield>
    <subfield code="y">Era de Trujillo, 1930-1961</subfield>
    <subfield code="z">Rep&#xFA;blica Dominicana</subfield>
    <subfield code="9">61708</subfield>
  </datafield>
  <datafield tag="651" ind1=" " ind2="0">
    <subfield code="a">Rep&#xFA;blica Dominicana</subfield>
    <subfield code="x">Historia </subfield>
    <subfield code="y">Era de Trujillo, 1930-1961</subfield>
    <subfield code="9">78796</subfield>
  </datafield>
  <datafield tag="700" ind1="1" ind2=" ">
    <subfield code="a">Lantigua, Jos&#xE9; Rafael, </subfield>
    <subfield code="d">1949-</subfield>
    <subfield code="9">1438</subfield>
    <subfield code="e">pr&#xF3;logo</subfield>
  </datafield>
  <datafield tag="700" ind1="1" ind2=" ">
    <subfield code="a">Batista, Le&#xF3;n F&#xE9;lix,</subfield>
    <subfield code="d">1964-</subfield>
    <subfield code="9">12031</subfield>
    <subfield code="e">editor</subfield>
  </datafield>
  <datafield tag="942" ind1=" " ind2=" ">
    <subfield code="2">ddc</subfield>
    <subfield code="c">LBS1</subfield>
  </datafield>
  <datafield tag="952" ind1=" " ind2=" ">
    <subfield code="0">0</subfield>
    <subfield code="1">0</subfield>
    <subfield code="2">ddc</subfield>
    <subfield code="5">1</subfield>
    <subfield code="7">0</subfield>
    <subfield code="8">PD</subfield>
    <subfield code="a">BNPHU</subfield>
    <subfield code="b">BNPHU</subfield>
    <subfield code="c">CT</subfield>
    <subfield code="d">2023-07-19</subfield>
    <subfield code="e">Pertenci&#xF3; a la biblioteca de Emilio Cordero Michel / Presidencia de la Rep&#xFA;blica Dominicana</subfield>
    <subfield code="l">0</subfield>
    <subfield code="o">T866S</subfield>
    <subfield code="p">2024-4481</subfield>
    <subfield code="r">2024-07-19</subfield>
    <subfield code="w">2024-07-19</subfield>
    <subfield code="y">LBS1</subfield>
  </datafield>
  <datafield tag="999" ind1=" " ind2=" ">
    <subfield code="c">57323</subfield>
    <subfield code="d">57323</subfield>
  </datafield>
</record>
